Για τα ελληνικά νιάτα
Saved in:
| Main Author: | |
|---|---|
| Corporate Author: | |
| Other Authors: | |
| Format: | Book |
| Language: | Greek |
| Published: |
Αθήναι :
Εκδόσεις Συζήτησις,
1997
|
| Edition: | 2η έκδ. |
| Subjects: | |
| Tags: |
Add Tag
No Tags, Be the first to tag this record!
|
MARC
| LEADER | 00000cam a2200000 i 4500 | ||
|---|---|---|---|
| 001 | 1/11306 | ||
| 008 | 101210s1997 gre d | ||
| 035 | |l 10109363 | ||
| 040 | |a GR-MY-UA |b gre |e aacr | ||
| 041 | 0 | |a gre | |
| 082 | 0 | |a 270.083 |2 (22) | |
| 100 | 1 | |a Τσιριντάνης, Αλέξανδρος Ν., |d 1903-1977. | |
| 245 | 1 | 0 | |a Για τα ελληνικά νιάτα / |c Α.Ν. Τσιριντάνη ; μετάφραση Σ.Ι. Αρτεμάκης |
| 250 | |a 2η έκδ. | ||
| 260 | |a Αθήναι : |b Εκδόσεις Συζήτησις, |c 1997 | ||
| 300 | |a 192 σ.; |c 21 εκ. | ||
| 650 | 0 | 0 | |a Youth |x Religious life. |
| 650 | 0 | 0 | |a Faith. |
| 700 | 1 | |a Αρτεμάκης, Σ. Ι. |4 trl | |
| 710 | 2 | |a Ένωσις Ελληνικός Πολιτισμός. |4 aui | |
| 852 | |a INST |b CHIOS |e 20101210 |h 270.083 ΤΣΙ |p 005200032301 |q 005200032301 |t BK |y 0 | ||
| 852 | |a INST |b CHIOS |e 20101213 |h 270.083 ΤΣΙ |p 005200032302 |q 005200032302 |t BK |y 0 | ||
| 901 | |a BIBL2-2010-3 | ||
| 970 | |a ΣΠΕΝΤΖΑ |b ΕΛΕΝΗ |z 2010/12/10 | ||